Fundamentals of human resource management / (Record no. 206813)
[ view plain ]
| 000 -LEADER | |
|---|---|
| fixed length control field | 00800nam a2200241Ia 4500 |
| 005 - DATE AND TIME OF LATEST TRANSACTION | |
| control field | 20220312153148.0 |
| 008 - FIXED-LENGTH DATA ELEMENTS--GENERAL INFORMATION | |
| fixed length control field | 210716s2012 xx 000 0 und d |
| 020 ## - INTERNATIONAL STANDARD BOOK NUMBER | |
| International Standard Book Number | 9788126531196 |
| 040 ## - CATALOGING SOURCE | |
| Transcribing agency | AIMIT LIBRARY |
| 041 ## - LANGUAGE CODE | |
| Language code of text/sound track or separate title | eng |
| 082 ## - DEWEY DECIMAL CLASSIFICATION NUMBER | |
| Classification number | 658.3 |
| Edition number | 10 |
| Item number | DECD |
| 100 ## - MAIN ENTRY--PERSONAL NAME | |
| Personal name | Decenzo, David A. |
| 9 (RLIN) | 19656 |
| 245 ## - TITLE STATEMENT | |
| Title | Fundamentals of human resource management / |
| Statement of responsibility, etc. | By David A DeCenzo, Stephen P Robbons and Susan L Verhulst. |
| 250 ## - EDITION STATEMENT | |
| Edition statement | 10th ed. |
| 260 ## - PUBLICATION, DISTRIBUTION, ETC. | |
| Place of publication, distribution, etc. | New Delhi : |
| Name of publisher, distributor, etc. | Wiley India ; |
| Date of publication, distribution, etc. | 2012. |
| 300 ## - PHYSICAL DESCRIPTION | |
| Extent | xix, 410p ; |
| Dimensions | 27cm |
| 650 ## - SUBJECT ADDED ENTRY--TOPICAL TERM | |
| Topical term or geographic name entry element | Staffing the organization |
| 9 (RLIN) | 19657 |
| 650 ## - SUBJECT ADDED ENTRY--TOPICAL TERM | |
| Topical term or geographic name entry element | Trainning and development |
| 9 (RLIN) | 19658 |
| 650 ## - SUBJECT ADDED ENTRY--TOPICAL TERM | |
| Topical term or geographic name entry element | Maintaining high performance |
| 9 (RLIN) | 19659 |
| 700 ## - ADDED ENTRY--PERSONAL NAME | |
| Personal name | Robbins, Stephen P. |
| 9 (RLIN) | 19660 |
| 700 ## - ADDED ENTRY--PERSONAL NAME | |
| Personal name | Verhulst, Susan L. |
| 9 (RLIN) | 19661 |
| 942 ## - ADDED ENTRY ELEMENTS (KOHA) | |
| Source of classification or shelving scheme | Dewey Decimal Classification |
| Koha item type | Book |
| Edition | 10th |
| Call number prefix | 658.3 DECD |
| Withdrawn status | Lost status | Source of classification or shelving scheme | Damaged status | Not for loan | Collection code | Home library | Current library | Date acquired | Cost, normal purchase price | Inventory number | Total Checkouts | Full call number | Barcode | Date last seen | Date last checked out | Cost, replacement price | Price effective from | Koha item type |
|---|---|---|---|---|---|---|---|---|---|---|---|---|---|---|---|---|---|---|
| Dewey Decimal Classification | MBA | St Aloysius Institute of Management & Information Technology | St Aloysius Institute of Management & Information Technology | 10/11/2011 | 439.00 | Bill no:1066; Bill dt:2011-09-20 | 2 | 658.3 DECD | MBA09379 | 05/23/2026 | 04/09/2022 | 329.25 | 07/16/2021 | Book | ||||
| Dewey Decimal Classification | MBA | St Aloysius Institute of Management & Information Technology | St Aloysius Institute of Management & Information Technology | 02/17/2012 | 439.00 | Bill no:1985; Bill dt:2012-02-14 | 1 | 658.3 DECD | MBA09644 | 05/23/2026 | 03/10/2022 | 329.25 | 07/16/2021 | Book | ||||
| Dewey Decimal Classification | MBA | St Aloysius Institute of Management & Information Technology | St Aloysius Institute of Management & Information Technology | 02/17/2012 | 439.00 | Bill no:1985; Bill dt:2012-02-14 | 3 | 658.3 DECD | MBA09645 | 07/21/2025 | 05/18/2022 | 329.25 | 07/16/2021 | Book | ||||
| Dewey Decimal Classification | MBA | St Aloysius Institute of Management & Information Technology | St Aloysius Institute of Management & Information Technology | 02/17/2012 | 439.00 | Bill no:1985; Bill dt:2012-02-14 | 2 | 658.3 DECD | MBA09646 | 05/23/2026 | 10/18/2024 | 329.25 | 07/16/2021 | Book | ||||
| Dewey Decimal Classification | MBA | St Aloysius Institute of Management & Information Technology | St Aloysius Institute of Management & Information Technology | 02/17/2012 | 439.00 | Bill no:1985; Bill dt:2012-02-14 | 1 | 658.3 DECD | MBA09647 | 05/23/2026 | 03/08/2022 | 329.25 | 07/16/2021 | Book | ||||
| Dewey Decimal Classification | MBA | St Aloysius Institute of Management & Information Technology | St Aloysius Institute of Management & Information Technology | 02/17/2012 | 439.00 | Bill no:1985; Bill dt:2012-02-14 | 1 | 658.3 DECD | MBA09648 | 05/23/2026 | 03/10/2022 | 329.25 | 07/16/2021 | Book | ||||
| Dewey Decimal Classification | MBA | St Aloysius Institute of Management & Information Technology | St Aloysius Institute of Management & Information Technology | 02/17/2012 | 439.00 | Bill no:1985; Bill dt:2012-02-14 | 1 | 658.3 DECD | MBA09649 | 05/23/2026 | 08/07/2024 | 329.25 | 07/16/2021 | Book | ||||
| Dewey Decimal Classification | MBA | St Aloysius Institute of Management & Information Technology | St Aloysius Institute of Management & Information Technology | 02/17/2012 | 439.00 | Bill no:1985; Bill dt:2012-02-14 | 1 | 658.3 DECD | MBA09650 | 05/23/2026 | 03/10/2022 | 329.25 | 07/16/2021 | Book |